000
00491nam a2200145Ia 4500
008
100122s9999 xx 000 0 und d
082
_b
17191
_a
823
100
_a
हसमनीस द का
245
_a
कुंकू माझं भाग्याचं
260
_b
संजय प्रकाशन
_c
1971
300
_a
214
630
_a
कुंकू माझं भाग्याचं
730
_a
कुंकू माझं भाग्याचं
942
_c
BOOK
999
_c
406991
_d
406988